000 00384cam a2200157ua 4500
003 OSt
008 250707b |||||||| |||| 00| 0 eng d
041 _aeng
082 _a624.18341
_bSTE/EL
100 _aStern, Sylan P .
_97627
245 _aElements of reinforced concrete /
250 _a1 /
260 _a :
_bPrentice-Hall Inc N J ,
_c1959.
300 _a444 ; .
942 _cBK
999 _c2875
_d2875